000 00469nam a2200157Ia 4500
005 20260417150920.0
008 260417s9999||||xx |||||||||||||| ||und||
020 _a9780748627219
041 _aeng
100 _aChakravartty/Sarikakis
245 0 _aMedia policy and globalization
260 _bCambridge, Cambridge,
_c2013
650 _aMedia & Communication
856 _uhttps://www.cambridge.org/core/product/identifier/9780748627219/type/BOOK
942 _cE-BOOK
999 _c50680
_d50680